Normal view
MARC view
- Compton, Herbert
Entry Personal Name
001 - CONTROL NUMBER
- control field: 50407
003 - CONTROL NUMBER IDENTIFIER
- control field: NUST
005 - DATE AND TIME OF LATEST TRANSACTION
- control field: 20210314134625.0
008 - FIXED-LENGTH DATA ELEMENTS
- fixed length control field: 210314|| aca||aabn | a|a d
040 ## - CATALOGING SOURCE
- Original cataloging agency: NUST
- Transcribing agency: NUST
100 ## - HEADING--PERSONAL NAME
- Personal name: Compton, Herbert
670 ## - SOURCE DATA FOUND
- Source citation: Work cat.: (NUST): Compton, Herbert,, A particular account of the European military adventures of Hindustan, from 1784 to 1803,, 1893.
